00798cam a22002291a 4500001001300000003000400013005001700017008004100034010001700075035002000092040002100112042001200133050002300145100003500168245006700203260006000270300004000330500001600370500013000386504003200516500002000548ne 68002780 DLC20260227111844.0860131s1968 ir 000 0 per  ane 68002780  a(OCoLC)13091152 aDLCcOUdOUdDLC apremarc00aPK6561.Y8bN3 19681 aYūsufī, Ghulām Ḥusayn.10aNāmah-ʼi ahl-i Khurāsān /cGhulāmḥusayn Yūsufī. aTihrān :bKitābfurūshī-i Zavvār,c1347 [1968] a6, 271 p. :bill., ports. ;c23 cm. aIn Persian. a"Maqālāt-i adabī ... kih dar bayn-i sālhā-yi 1339 tā 1345 ... dar majallāt-i mukhtalif intishār yāftah ast" aBibliography: p. [245]-253. aIncludes index.